| 000 | 00632nam a2200193 a 4500 | ||
|---|---|---|---|
| 003 | PILC | ||
| 005 | 20150112093429.0 | ||
| 008 | 100712s19uu xx 00 eng d | ||
| 020 | _a9780895886309 | ||
| 050 |
_aTK 5105.7 _b.C976 1990 |
||
| 082 |
_aCSF 005.7 _b.C93 1990 |
||
| 100 |
_aCurrid, Cheryl C. _98444 |
||
| 245 |
_aMastering Novell Netware. _cCheryl C. Currid, Craig A. Gillett. |
||
| 260 |
_aAlameda,CA : _bSybex, Inc, _c1990. |
||
| 300 |
_a419 pages : _billustration ; _c23 cm. |
||
| 650 |
_aNetworking-computers _xNetware-computer file _xNetworks, maintenance _98445 |
||
| 700 |
_aGillett, Craig A. _98446 |
||
| 942 |
_2lcc _cBK |
||
| 999 |
_c14291 _d14291 |
||